000 00513nam a22001817a 4500
005 20260515114956.0
008 230927b ||||| |||| 00| 0 eng d
020 _a9789382267379
040 _aIN-DiNC
_cIN-DiNC
041 _deng
082 _a809
_bLIT
245 _aLiterary criticism:
_ban introductory reader/
_cedited by Chinmaya Lal Thakur
260 _aDelhi:
_bWorldview publications,
_c2018.
300 _ax, 485p.
650 _aLiterature
700 _aThakur, Chinmaya Lal
_eEditor
942 _2ddc
_cBK
999 _c11641
_d11641